Normal view
MARC view
- 1. Computer--aided engineering. 2. Engineering design---Data Processing.
Entry Topical Term
001 - CONTROL NUMBER
- control field: 3063
003 - CONTROL NUMBER IDENTIFIER
- control field: NUST
005 - DATE AND TIME OF LATEST TRANSACTION
- control field: 20170622110645.0
008 - FIXED-LENGTH DATA ELEMENTS
- fixed length control field: 170622|| aca||aabn | a|a d
040 ## - CATALOGING SOURCE
- Original cataloging agency: NUST
- Transcribing agency: NUST
150 ## - HEADING--TOPICAL TERM
- Topical term or geographic name entry element: 1. Computer--aided engineering. 2. Engineering design---Data Processing.
670 ## - SOURCE DATA FOUND
- Source citation: Work cat.: (NUST)0: Trevelyan, James P. 3062, The making of an Expert Engineer, 2014
